Vytvorenie SCADA obrazoviek použitím Wonderware Situational Awareness knižnice (SAL) v rámci filozofie ISA-101 štandardu

Uložené v:
Podrobná bibliografia
Hlavný autor: Pekar, Radoslav (Autor)
Ďalší autori: Važan, Pavel (Vedúci práce)
Médium: Rukopis Kniha
Jazyk:Slovak
Vydavateľské údaje: 2019
Predmet:
On-line prístup:http://is.stuba.sk/zp/portal_zp.pl?podrobnosti=143678
Tagy: Pridať tag
Žiadne tagy, Buďte prvý, kto otaguje tento záznam!

MARC

LEADER 00000ntm a22000003a 4500
001 stuzp71915
003 SK-STU
005 20190615211641.0
007 ta
008 150427s2015----xo-----f-mn---000-0-slo-d
040 |a STU  |b slo 
041 0 |a slo 
100 1 |a Pekar, Radoslav  |u 066000  |k Z4  |4 aut  |U MTF Materiálovotechnologická fakulta  |T MTF Ústav aplikovanej informatiky, automatizácie a mechatroniky  |X 77408  |U M6000  |Y 86  |7 77408 
242 0 1 |a Creating SCADA Screens Using the Wonderware Situational Awareness Library (SAL) according to the philosophy of the standard ISA-101  |y eng 
245 1 0 |a Vytvorenie SCADA obrazoviek použitím Wonderware Situational Awareness knižnice (SAL) v rámci filozofie ISA-101 štandardu 
260 |c 2019 
650 4 |a SCADA/HMI  |2 slo 
650 4 |a Wonderware  |2 slo 
650 4 |a ISA-101  |2 slo 
650 4 |a SCADA/HMI  |2 eng 
650 4 |a Wonderware  |2 eng 
650 4 |a ISA-101  |2 eng 
700 1 |a Važan, Pavel  |u 066000  |k Z1  |4 ths  |U MTF Materiálovotechnologická fakulta  |T MTF Ústav aplikovanej informatiky, automatizácie a mechatroniky  |X 323  |U M6000  |Y 86  |7 A000000323 
856 4 |u http://is.stuba.sk/zp/portal_zp.pl?podrobnosti=143678 
996 |c M* DP-13879  |l MMSKP  |s P  |a 0  |w stuzp71915_0001